Tunnista suomessa liikennöivät laivat - Statistics

Yleistilastot
  • Tätä visaa on pelattu 49 kertaa
  • Keskiarvotulos 10 / 15
Vastaustilastot
Kuvavisa Vastaus % Oikein
Viking Gabriella
89%
Viking Glory
86%
Viking Grace
83%
Silja Serenade
81%
Silja Symphony
81%
Baltic Princess
78%
Viking Amorella
75%
Finlandia
72%
Galaxy
72%
Viking Cinderella
72%
Silja Europa
69%
Viking XPRS
67%
Finnsirius
42%
Finncanopus
36%
Viking Sally
36%
Ehtoja vastaavia visoja ei löytynyt
Tulosjakauma
Jokaisen tuloksen saaneiden osuus
Persentiili vastausten määrän mukaan
Tuloshistoriasi
Et ole pelannut tätä visaa